Cities by emojis (Part 1) - Statistics

General Stats
  • This quiz has been taken 81 times
  • The average score is 12 of 20
Answer Stats
Picture Answer % Correct
Paris
95%
New York
87%
Athens
86%
London
82%
Los Angeles
81%
Washington D.C.
81%
Tokyo
76%
San Francisco
75%
Jerusalem
72%
Las Vegas
71%
Beijing
70%
Tel Aviv
67%
Shanghai
62%
Mexico City
59%
New Orleans
57%
Rio de Janeiro
44%
Chicago
37%
Acapulco
23%
Sydney
13%
Budapest
10%
No matching quizzes found
Score Distribution
Percent of People with Each Score
Percentile by Number Answered
Your Score History
You have not taken this quiz